All Generation 9 Pokemon - Statistics

General Stats
  • This quiz has been taken 42 times
    34 since last reset
  • The average score is 95 of 120
Answer Stats
# Type Answer % Correct
936 Fire/Psychic Armarouge
100%
937 Fire/Ghost Ceruledge
100%
975 Ice Cetitan
100%
909 Fire Fuecoco
100%
992 Fighting/Electric Iron Hands
100%
990 Ground/Steel Iron Treads
100%
941 Electric/Flying Kilowattrel
100%
950 Rock Klawf
100%
915 Normal Lechonk
100%
920 Bug/Dark Lokix
100%
908 Grass/Dark Meowscarada
100%
914 Water/Fighting Quaquaval
100%
912 Water Quaxly
100%
911 Fire/Ghost Skeledirge
100%
906 Grass Sprigatito
100%
930 Grass/Normal Arboliva
90%
997 Dragon/Ice Arctibax
90%
998 Dragon/Ice Baxcalibur
90%
962 Flying/Dark Bombirdier
90%
935 Fire Charcadet
90%
1002 Dark/Ice Chien-Pao
90%
910 Fire Crocalor
90%
967 Dragon/Normal Cyclizar
90%
929 Grass/Normal Dolliv
90%
977 Water Dondozo
90%
981 Normal/Psychic Farigiraf
90%
907 Grass Floragato
90%
996 Dragon/Ice Frigibax
90%
1007 Fighting/Dragon Koraidon
90%
1008 Electric/Dragon Miraidon
90%
919 Bug Nymble
90%
916 Normal Oinkologne
90%
921 Electric Pawmi
90%
922 Electric/Fighting Pawmo
90%
923 Electric/Fighting Pawmot
90%
913 Water Quaxwell
90%
989 Electric/Ground Sandy Shocks
90%
952 Grass/Fire Scovillain
90%
944 Poison/Normal Shroodle
90%
978 Dragon/Water Tatsugiri
90%
957 Fairy/Steel Tinkatink
90%
959 Fairy/Steel Tinkaton
90%
949 Ground/Grass Toedscruel
90%
940 Electric/Flying Wattrel
90%
939 Electric Bellibolt
80%
986 Grass/Dark Brute Bonnet
80%
951 Grass Capsakid
80%
974 Ice Cetoddle
80%
1004 Dark/Fire Chi-Yu
80%
980 Poison/Ground Clodsire
80%
1011 Grass/Dragon Dipplin
80%
973 Flying/Fighting Flamigo
80%
934 Rock Garganacl
80%
970 Rock/Poison Glimmora
80%
945 Poison/Normal Grafaiai
80%
984 Ground/Fighting Great Tusk
80%
991 Ice/Water Iron Bundle
80%
993 Dark/Flying Iron Jugulis
80%
995 Rock/Electric Iron Thorns
80%
1015 Poison/Psychic Munkidori
80%
932 Rock Nacli
80%
933 Rock Naclstack
80%
1017 Grass/Varies Ogerpon
80%
1014 Poison/Fighting Okidogi
80%
985 Fairy/Psychic Scream Tail
80%
928 Grass/Normal Smoliv
80%
918 Bug Spidops
80%
931 Normal/Flying Squawkabilly
80%
938 Electric Tadbulb
80%
1003 Dark/Ground Ting-Lu
80%
958 Fairy/Steel Tinkatuff
80%
948 Ground/Grass Toedscool
80%
1001 Dark/Grass Wo-Chien
80%
979 Fighting/Ghost Annihilape
70%
947 Grass/Ghost Brambleghast
70%
946 Grass/Ghost Bramblin
70%
1016 Poison/Fairy Fezandipiti
70%
963 Water Finizen
70%
987 Ghost/Fairy Flutter Mane
70%
1000 Steel/Ghost Gholdengo
70%
999 Ghost Gimmighoul
70%
969 Rock/Poison Glimmet
70%
971 Ghost Greavard
70%
972 Ghost Houndstone
70%
1019 Grass/Dragon Hydrapple
70%
1010 Grass/Psychic Iron Leaves
70%
994 Fire/Poison Iron Moth
70%
1006 Fairy/Fighting Iron Valiant
70%
964 Water Palafin
70%
1025 Poison/Ghost Pecharunt
70%
954 Bug/Psychic Rabsca
70%
953 Bug Rellor
70%
966 Steel/Poison Revavroom
70%
1005 Dragon/Dark Roaring Moon
70%
917 Bug Tarountula
70%
1024 Normal Terapagos
70%
965 Steel/Poison Varoom
70%
976 Water/Psychic Veluza
70%
982 Normal Dudunsparce
60%
956 Psychic Espathra
60%
955 Psychic Flittle
60%
1022 Rock/Psychic Iron Boulder
60%
1023 Steel/Psychic Iron Crown
60%
983 Dark/Steel Kingambit
60%
943 Dark Mabosstiff
60%
942 Dark Maschiff
60%
925 Normal Maushold
60%
968 Steel Orthworm
60%
1012 Grass/Ghost Poltchageist
60%
1021 Electric/Dragon Raging Bolt
60%
1013 Grass/Ghost Sinistcha
60%
924 Normal Tandemaus
60%
1009 Water/Dragon Walking Wake
60%
960 Water Wiglett
60%
961 Water Wugtrio
60%
1018 Steel/Dragon Archaludon
50%
927 Fairy Dachsbun
50%
926 Fairy Fidough
50%
1020 Fire/Dragon Gouging Fire
50%
988 Bug/Fighting Slither Wing
50%
No matching quizzes found
Score Distribution
Percent of People with Each Score
Percentile by Number Answered
Your Score History
You have not taken this quiz since the last reset